000 00915nam a2200241Ia 4500
001 9085
003 GE_BSU
008 181216s||||||||xx |||||||||||||| ||und||
040 _cGE_BSU
080 _a821.353.1–1
100 _aლებანიძე,მურმან
245 _aათასი კილომეტრი თოვლში!
245 _bლექსები
245 _cსარედ.კოლ.გივი გოგიჩაიშვილი.მხატვ.ე.ბურჯანაძე
260 _aთბილისი
260 _bმერანი
260 _c1975
300 _a53გვ.1ფ.პორტრ.19სმ.
653 _aათასი კილომეტრი თოვლში
653 _aლექსები
653 _aქართველი მწერლები დიდ სამამულო ომში
942 _cBK
999 _c42389
_d42389